000 00495nam a2200181Ia 4500
005 20250326124404.0
008 250326s9999 xx 000 0 und d
037 _aTextbook
040 _aFMSL
_beng
_cFMSL
041 _aeng
_2eng
084 _aX:76 L5
_qFMSL
100 _aHirshleifer J
245 0 _aPrice theory and applications
_cHirshleifer J
260 _aNew Delhi
_bNew Delhi, Prentice-Hall
_c1975
300 _a506p
942 _cTB
_hX:76 L5
999 _c1273523
_d1273523